000
00196 a2200097 4500
001
32637
100
_a
Russell, R
245
_a
Ghalib
260
_a
London
_b
G A & Unwin
_c
090
_c
21850
_d
21850
942
_a
NUST-CAE
_c
M
_c
13170
999
_c
267710
_d
267710